000
00226nam a22001217a 4500
040
_c
SK
082
_a
369
100
_a
CHAY CHIM
245
_a
Beverage technology
260
_a
RUA
_b
CHA
_c
2011
300
_a
129p.
942
_c
EK
999
_c
8602
_d
8602